| 000 | 00364nam a2200133Ia 4500 | ||
|---|---|---|---|
| 008 | 210210b1990 xxu||||| |||| 00| 0 eng d | ||
| 082 | _a225.7 BARD | ||
| 100 | _aBARCLAY (William). | ||
| 245 | _aDaily study bible: Letter to the romans. | ||
| 260 |
_aBangalore _bTheological Publication in India _c1990 |
||
| 300 | _a222 | ||
| 690 | _aChristianity | ||
| 906 | _a045741 | ||
| 999 |
_c94945 _d94945 |
||